Κατάλογος Βιβλιοθηκών Mediterranean College

Έμπειρα Συστήματα και Εφαρμογες / Με Εισαγωγή στην Τεχνητή Νοημοσύνη MYCIN, PROSPECTOR, CANDUCEUS, CASNET (Record no. 5156)

MARC details
000 -LEADER
fixed length control field 01816cam a22001814a 4500
005 - ΗΜΕΡΟΜΗΝΙΑ ΚΑΙ ΩΡΑ ΤΕΛΕΥΤΑΙΑΣ ΕΝΗΜΕΡΩΣΗΣ
Πεδίο ελέγχου 20250605164205.0
008 - FIXED-LENGTH DATA ELEMENTS--GENERAL INFORMATION
Πεδίο ελέγχου σταθερού μήκους 250528s ||||||||||||||||||||||||d
035 ## - SYSTEM CONTROL NUMBER
System control number 19914
040 ## - ΠΗΓΗ ΚΑΤΑΛΟΓΟΓΡΑΦΗΣΗΣ
Φορέας πρωτότυπης καταλογογράφησης MC Athens Campus Library
Γλώσσα καταλογογράφησης Ελληνικά, Μοντέρνα (1453-)
Modifying agency MC Athens Campus Library
Κανόνες περιγραφικής καταλογογράφησης AACR2
245 1# - ΤΙΤΛΟΣ ΚΑΙ ΔΗΛΩΣΗ ΥΠΕΥΘΥΝΟΤΗΤΑΣ
Τίτλος Έμπειρα Συστήματα και Εφαρμογες / Με Εισαγωγή στην Τεχνητή Νοημοσύνη MYCIN, PROSPECTOR, CANDUCEUS, CASNET
260 ## - PUBLICATION, DISTRIBUTION, ETC.
Name of publisher, distributor, etc. Αθήνα,
Date of publication, distribution, etc. 2005
300 ## - PHYSICAL DESCRIPTION
Extent 784
520 ## - SUMMARY, ETC.
Summary, etc. Το παρόν βιβλίο δίνει μία ολοκηρωμένη παρουσίαση της μεθοδολογίας των έμπειρων συστημάτων. Τεχνητή Νοημοσύνη και Έμπειρα Συστήματα και Παραδοσιακή Επεξεργασία Δεδομένων, Αρχιτεκτονική των Έμπειρων Συστημάτων, Κατηγορικός Λογισμός, Υπολογιστικές τεχνικές Παράστασης και ελέγχου της γνώσης, Τεχνικές Εξαγωγής Συμπερασμάτων μάσα σε Αβεβαιότητα, Διαγνωστική Βλαβών Βασισμένη στη Γνώση, Ασαφής Λογική-Συλλογιστική και Ασαφή Συστήματα, Ανασκόπηση Κλασσικών Έμπειρων Συστημάτων, Διαδικασία Ανάπτυξης και Εργαλεία Κατασκευής Έμπειρων Συστημάτων, Οι Γλώσσες LISP και PROLOG της Τεχνητής Νοημοσύνης, Διαδικασία Ανάπτυξης και Εργαλεία Κατασκευής Έμπειρων Συστημάτων, Βιβλιογραφία.
700 1# - ΠΡΟΣΘΕΤΗ ΑΝΑΓΡΑΦΗ--ΦΥΣΙΚΟ ΠΡΟΣΩΠΟ
Personal name Τζαφέστας Σπύρος Γ
9 (RLIN) 6072
942 ## - ADDED ENTRY ELEMENTS (KOHA)
Koha item type Books
Holdings
Τύπος τεκμηρίου Βιβλιοθήκη Τρέχουσα τοποθεσία Barcode Αριθμός εισαγωγής Ημερομηνία απόκτησης Ταξιθετικό σύμβολο Αριθμός αντιτύπου Κατάσταση απόσυρσης Κατάσταση χαμένου Κατάσταση κατεστραμμένου Μη δανεισμός Σύνολο δανεισμών Ημερομηνία τελευταίας εμφάνισης Η τιμή ισχύει από
Books MC Athens Campus Library MC Athens Campus Library 9780000051554 6120 05/06/2025 006.3 TZA 1           05/06/2025 05/06/2025

MC Athens Campus Library
Πατησίων 94 & Κοδριγκτώνος 13, 104 34
Πελλήνης 8 & Πατησίων 107, 112 51
Τ: +30 210 8899600

MC Thessaloniki Campus Library
Ίωνος Δραγούμη 21, 54625 | Ίωνος Δραγούμη 15, 54625
Τ: +30 2310 287779 – Τ: +30 2314 440300